Un esquema de ordenamiento espacial urbano para gualan
El presente trabajo trata de la planificación que no ha alcanzado los niveles de avance y eficacia suficiente para impulsar el desarrollo
| Main Author: | |
|---|---|
| Other Authors: | |
| Format: | Tesis Section = Libro |
| Language: | Undetermined Spanish |
| Published: |
Guatemala
USAC-G
1977
|
| Subjects: |
| LEADER | 00807nam a2200217Ia 4500 | ||
|---|---|---|---|
| 008 | 240830s9999 xx 000 0 und d | ||
| 040 | |a BIBLIOTECA-RUSB/ Mon 711.47281325 O65 | ||
| 041 | |a spa | ||
| 082 | |a Mon 711.47281325 O65 | ||
| 100 | 1 | |a Ordoñez Castellanos, Marco Tulio | |
| 245 | 1 | 0 | |a Un esquema de ordenamiento espacial urbano para gualan |
| 260 | |a Guatemala |b USAC-G |c 1977 | ||
| 300 | |a 99 p. :il. | ||
| 502 | |a Tesis (Arquitecto) - USAC-G, 1977. | ||
| 520 | 3 | |a El presente trabajo trata de la planificación que no ha alcanzado los niveles de avance y eficacia suficiente para impulsar el desarrollo | |
| 650 | 7 | |a CIUDADES (PLANES Y PLANIFICACION LOCALES-GUATEMALA) | |
| 650 | 7 | |b GUATEMALA | |
| 700 | 1 | |a Tutor: |b Menéndez Quiroa, José Darío | |
| 942 | |c BK |2 ddc | ||
| 991 | |a TESIS | ||
| 999 | |c 20990 | ||